| 000 | 00790nam a2200253 a 4500 | ||
|---|---|---|---|
| 001 | BRCA_5508 | ||
| 005 | 20190320205118.0 | ||
| 008 | 030211s1912----gw-a######---#000-0#ger-# | ||
| 041 | _ager | ||
| 044 | _agw | ||
| 050 | 4 |
_aND653.R4 _b.V33 1912 |
|
| 100 | 1 |
_aValentiner, Wilhelm _914076 |
|
| 245 | 1 | 0 |
_aRembrandt in Bild und Wort _cherausgegeben von Wilhelm Bode ; mit text von Wilhelm Valentiner. |
| 260 |
_aBerlín _bRich Bong Kunstverlag _c1912 |
||
| 300 |
_a160 p. _bil., 60 láminas _c34 cm. |
||
| 500 | _aEdición con cantos dorados | ||
| 500 | _aIncluye catálogo de obras | ||
| 500 | _aE184 | ||
| 600 | 1 | 4 |
_aRembrandt Harmenszoon van Rijn _d1607-1669 _97357 |
| 650 | 1 | 4 |
_aPintores holandeses _914077 |
| 700 | 1 |
_aBode, Wilhelm _eEditor _914078 |
|
| 902 | _aGFM | ||
| 942 |
_2lcc _cB |
||
| 999 |
_c5202 _d5202 |
||